01377 a2200193 45000010006000000050017000060080041000230030015000640400040000790800034001192450027001530200018001802500012001982640043002103000020002535050766002731000026010398560118010651365920260407155443.0260407a1997 arg spa dAR-UNSa-BCEJYS aAR-UNSa-BCEJYSbspacAR-UNSa-BCEJYS a342.9xDerecho Administrativo10aDerecho administrativo a987-507-008-4 a6a. ed. 1aBuenos Aires :bCiudad Argentinac1997 a1165 p.c24 cm. a1. Constitución y estado - 2. Individuo y estado - 3. Derecho y estado - 4. Derecho administrativo - 5. Hecho administrativo - 6. Acto Administrativo - 7. Reglamento administrativo - 8. Simple acto de la administración - 9. Contrato administrativo: Principios - 10. Contrato administrativo: clases - 11. Situación y regulación administrativas - 12. Organización administrativa - 13. Administración e integración comunitaria - 14. Servicio público - 15. Dominio público - 16. Policía y poder de policía - 17. Limitaciones administrativas a la propiedad - 18. Intervención administrativa en la economía - 19. Fiscalización administrativa - 20. Responsabilidad estatal - 21. Procedimiento administrativo - 22. Proceso administrativo 1 aDromi, José Roberto41uhttps://biblioeco.unsa.edu.ar/pmb/images/libros/Derecho Administrativo2-l87066.jpgyImagen de portadaqimage/jpeg